Company - Justin Bieber - All Lyrics - Statistics

General Stats
  • This quiz has been taken 114 times
  • The average score is 186 of 250
Answer Stats
Answer % Correct
Can
100%
can
100%
we,
100%
we
100%
We
100%
company?
99%
company
99%
Oh
99%
Oh,
99%
(Oh)
99%
(Oh,
99%
oh-oh-oh)
99%
Ooh
99%
Yeah
99%
yeah
99%
other
97%
each
96%
(Oh)
91%
be
90%
Be
90%
be,
90%
keep
86%
Keep
86%
a
84%
other's
82%
others
82%
I
78%
you
75%
You
75%
me
73%
baby
72%
Maybe
71%
(maybe
71%
to
71%
my
70%
don't
67%
for
65%
For
65%
ain't
63%
Ain't
63%
call
61%
got
61%
on
61%
your
61%
lonely
59%
lover
59%
no
59%
paradise
58%
the
58%
serious
57%
serious,
57%
in
56%
name
56%
nights
56%
that
56%
feel
54%
gonna
54%
It
53%
it
53%
know
53%
But
52%
change
52%
like
52%
gotta
51%
wanna
49%
picture
47%
Tell
47%
tell
47%
that's
47%
what
47%
too
46%
much
44%
about
43%
been
42%
I'll
41%
mind
41%
Never
41%
pressure
41%
share
41%
frame
39%
goin'
39%
out
39%
have
38%
Let's
38%
touch
38%
us
38%
yeah)
38%
conversation
35%
miss
35%
Need
35%
stay
35%
I'm
34%
Just
33%
all
32%
drink
32%
Someone
32%
elevation
29%
complications
28%
doin'
28%
up
28%
Forget
27%
obligations
25%
reign
24%
end
11%
No matching quizzes found
Score Distribution
Percent of People with Each Score
Percentile by Number Answered
Your Score History
You have not taken this quiz